Loading...
Learner-autonomy in the ESL classroom: a study in curriculum design
| Main Author: | |
|---|---|
| Format: | Printed Book |
| Language: | English |
| Published: |
New Delhi, B R Publishing Corporation
1992 |
| Subjects: |
| LEADER | 005750000a22001930004500 | ||
|---|---|---|---|
| 020 | |a 8170187028 | ||
| 041 | |a eng | ||
| 082 | |a 375.001 N2;1 | ||
| 100 | |a Ramadevi, S |9 121352 | ||
| 245 | |a Learner-autonomy in the ESL classroom: a study in curriculum design | ||
| 260 | |a New Delhi, B R Publishing Corporation | ||
| 260 | |a 1992 | ||
| 465 | |a R 180 | ||
| 650 | |a Curriculum design |9 121353 | ||
| 650 | |a Language |9 121354 | ||
| 650 | |a Learning |9 121355 | ||
| 942 | |c BK | ||
| 999 | |c 168480 |d 168476 | ||
| 952 | |0 0 |1 0 |4 0 |7 0 |9 166902 |a SPS |b SPS |d 2019-04-16 |l 0 |p SPS01159 |r 2019-04-16 |w 2019-04-16 |y BK | ||